Step language for everyday life forward 2

A four-skills course that integrates language instruction into meaningful, real-life contexts.

Shranjeno v:
Bibliografske podrobnosti
Glavni avtor: Wisniewska, Ingrid
Format: Knjiga
Jezik:Undetermined
Izdano: New York Oxford University Press 2007
Teme:
Oznake: Označite
Brez oznak, prvi označite!
Thư viện lưu trữ: Trung tâm Học liệu Trường Đại học Cần Thơ
LEADER 00754nam a2200217Ia 4500
001 CTU_143271
008 210402s9999 xx 000 0 und d
020 |c 97000 
082 |a 428.24 
082 |b W815/CD1 
100 |a Wisniewska, Ingrid 
245 0 |a Step language for everyday life forward 2 
245 0 |c Ingrid Wisniewska ; Series director: Jayme Adelson-Goldstein 
260 |a New York 
260 |b Oxford University Press 
260 |c 2007 
520 |a A four-skills course that integrates language instruction into meaningful, real-life contexts. 
650 |a English language,Listening,Tiếng Anh thực hành,Kỹ năng nghe 
904 |i Giang 
915 |a 400 
980 |a Trung tâm Học liệu Trường Đại học Cần Thơ